Najdroższe kupna Manchesteru United - Statystyki

Ogólne statystyki
  • Ten quiz został rozwiązany 88 razy
  • Średni wynik to 8 z 15
Statystyki odpowiedzi
Sezon Kwota Odpowiedź % Poprawnych
22/23 95 mln € Antony
89%
16/17 105 mln € Paul Pogba
85%
19/20 65 mln € Bruno Fernandes
74%
19/20 87 mln € Harry Maguire
68%
23/24 73,9 mln € Rasmus Højlund
64%
22/23 70,65 mln € Casemiro
58%
14/15 75 mln € Ángel Di María
53%
22/23 57,37 mln € Lisandro Martínez
49%
17/18 84,7 mln € Romelu Lukaku
49%
15/16 60 mln € Anthony Martial
46%
23/24 64,2 mln € Mason Mount
45%
21/22 85 mln € Jadon Sancho
43%
24/25 62 mln € Leny Yoro
42%
19/20 55 mln € Aaron Wan-Bissaka
22%
18/19 59 mln € Fred
22%
Nie znaleziono quizów pasujących do podanych kryteriów
Rozkład punktacji
Procent ludzi z każdym wynikiem
Percentyl według liczby udzielonych odpowiedzi
Twoja historia wyników
Nie rozwiązałeś tego quizu